Gaming Quiz

Random Gaming or Board Games Quiz

Yahtzee Categories Quiz Stats

 Plays Quiz Updated Nov 2, 2018

Support Sporcle.
Go Orange.
Score 0/13 Timer 01:00
1 Play Today
% Correct
Full House
92%
Yahtzee
90.8%
3 of a kind
88.3%
4 of a kind
87.4%
Aces
85.2%
Twos
84.9%
Threes
84.6%
Fours
84.4%
Fives
84%
Sixes
83.1%
Small Straight
71.5%
Large Straight
70.6%
Chance
60.4%

From the Vault

What's Missing: Harry Potter II

by WackyZacky

We'd make a joke about Voldemort's nose, but that would be too easy.
Remove Ads.
Support Sporcle.
Get the best of Sporcle when you Go Orange. This ad-free experience offers more features, more stats, and more fun while also helping to support Sporcle. Thank you for becoming a member.

Show Comments

Extras

Top Quizzes Today


Score Distribution

Your Account Isn't Verified!

In order to create a playlist on Sporcle, you need to verify the email address you used during registration. Go to your Sporcle Settings to finish the process.

Report this User

Report this user for behavior that violates our Community Guidelines.

Details: